Stone Architecture: (Record no. 353814)

000 -LEADER
fixed length control field 01374cam a22003617a 4500
001 - CONTROL NUMBER
control field 14849384
003 - CONTROL NUMBER IDENTIFIER
control field OSt
005 - DATE AND TIME OF LATEST TRANSACTION
control field 20180116192418.0
008 - FIXED-LENGTH DATA ELEMENTS--GENERAL INFORMATION
fixed length control field 070514s2004 it ae b 001 0 ita d
010 ## - LIBRARY OF CONGRESS CONTROL NUMBER
LC control number 2007296892
020 ## - INTERNATIONAL STANDARD BOOK NUMBER
International Standard Book Number 8876246967
020 ## - INTERNATIONAL STANDARD BOOK NUMBER
International Standard Book Number 9788876246968
035 ## - SYSTEM CONTROL NUMBER
System control number (OCoLC)ocm77537381
035 ## - SYSTEM CONTROL NUMBER
System control number (OCoLC)77537381
040 ## - CATALOGING SOURCE
Original cataloging agency GSE
Transcribing agency GSE
Modifying agency BAKER
-- YDXCP
-- DLC
042 ## - AUTHENTICATION CODE
Authentication code lccopycat
050 00 - LIBRARY OF CONGRESS CALL NUMBER
Classification number NA4130
Item number .A36 2004
082 ## - DEWEY DECIMAL CLASSIFICATION NUMBER
Classification number 721.0441
100 1# - MAIN ENTRY--PERSONAL NAME
Personal name Acocella, Alfonso,
Dates associated with a name 1954-
9 (RLIN) 7024
245 10 - TITLE STATEMENT
Title Stone Architecture:
Remainder of title ancient and modern construction skills /
Statement of responsibility, etc. Alfonso Acocella.
250 ## - EDITION STATEMENT
Edition statement 1. ed.
260 ## - PUBLICATION, DISTRIBUTION, ETC.
Place of publication, distribution, etc. Firenze :
Name of publisher, distributor, etc. Alinea ;
Place of publication, distribution, etc. Lucca :
Name of publisher, distributor, etc. Lucense,
Date of publication, distribution, etc. c2004.
300 ## - PHYSICAL DESCRIPTION
Extent 623 p. :
Other physical details ill. (some col.), plans ;
Dimensions 35 cm.
504 ## - BIBLIOGRAPHY, ETC. NOTE
Bibliography, etc. note Includes bibliographical references (p. 614-618) and indexes.
650 #0 - SUBJECT ADDED ENTRY--TOPICAL TERM
Topical term or geographic name entry element Stone buildings
Geographic subdivision Italy
General subdivision History.
9 (RLIN) 7025
650 #0 - SUBJECT ADDED ENTRY--TOPICAL TERM
Topical term or geographic name entry element Architecture
Geographic subdivision Italy
General subdivision History.
9 (RLIN) 7026
856 42 - ELECTRONIC LOCATION AND ACCESS
Materials specified Publisher description
Uniform Resource Identifier <a href="http://www.loc.gov/catdir/enhancements/fy0804/2007296892-d.html">http://www.loc.gov/catdir/enhancements/fy0804/2007296892-d.html</a>
856 42 - ELECTRONIC LOCATION AND ACCESS
Materials specified Contributor biographical information
Uniform Resource Identifier <a href="http://www.loc.gov/catdir/enhancements/fy0804/2007296892-b.html">http://www.loc.gov/catdir/enhancements/fy0804/2007296892-b.html</a>
906 ## - LOCAL DATA ELEMENT F, LDF (RLIN)
a 7
b cbc
c copycat
d 2
e ncip
f 20
g y-gencatlg
942 ## - ADDED ENTRY ELEMENTS (KOHA)
Source of classification or shelving scheme
Koha item type Reference
Holdings
Withdrawn status Lost status Source of classification or shelving scheme Damaged status Not for loan Permanent Location Current Location Date acquired Total Checkouts Full call number Barcode Date last seen Cost, replacement price Price effective from Koha item type
          School of Art Design and Architecture (SADA) School of Art Design and Architecture (SADA) 06/20/2013   REF 721.0441 ACO 2004 SADA0002087 01/05/2017 12947.65 01/05/2017 Reference
© 2023 Central Library, National University of Sciences and Technology. All Rights Reserved.